03195 a2200181 45000010006000000050017000060080041000230030015000640400040000790800033001192450028001522640035001803000017002155052715002321000022029477000022029697000022029914793920260407155745.0260407a1965 arg spa dAR-UNSa-BCEJYS aAR-UNSa-BCEJYSbspacAR-UNSa-BCEJYS a517xAnálisis Matemático10aAnálisis Matemático 1aBuenos Aires :bKapeluszc1965 a3 v.c24 cm. avol.2 - 2ed. -- 17. Geometría lineal y cuadrática - 18. Funciones de varias variables reales. Diferenciación - 19. Formula de Taylor de varias variables - 20. Geometría diferencial de curvas y superficies - 21. Integrales generalizadas. Series e integrales múltiples - 22. Integrales paramétricas - 23. Integrales curvilíneas. Análisis vectorial -- Vol.3 - 3ed. -- 24. Teoría de la medida - 25. Series e integral de Fourier - 26. Educaciones diferenciales ordinarias de primer orden - 27. Educaciones diferenciales de orden superior y sistemas de educaciones diferenciales ordinarias - 28. Ecuaciones diferenciales en derivadas parciales. Cálculo de variaciones - 29. Funciones analíticas -- Vol.2 - 5ed. -- 17. Geometría lineal y cuadrática - 18. Funciones de varias variables reales. Diferenciación - 19. Formula de Taylor de varias variables - 20. Geometría diferencial de curvas y superficies - 21. Integrales generalizadas. Series e integrales múltiples - 22. Integrales paramétricas - 23. Integrales curvilíneas. Análisis vectorial -- Vol.1. - 7ed. -- 1. Fundamentación del número racional - 2. El número real y el número complejo - 3. Combinatoria. Álgebra lineal - 4. Algoritmo algebraico - 5. El límite aritmético - 6. Las funciones reales y la continuidad - 7. Las funciones trascendentes elementales - 8. Funciones variables - 9. Teoremas del valor medio y consecuencias - 10. Fórmula de Taylor. Ecuaciones algebraicas - 11. Series de potencias - 12. Interpolación y diferencias finitas - 13. El área y la integración - 14. Cálculo de primitivas y aplicaciones - 15. Aplicaciones geométricas y físicas - 16. Integración aproximada -- Vol.2. - 17. Geometría lineal y cuadrática - 18. Funciones de varias variables reales. Diferenciación - 19. Formula de Taylor de varias variables - 20. Geometría diferencial de curvas y superficies - 21. Integrales generalizadas. Series e integrales múltiples - 22. Integrales paramétricas - 23. Integrales curvilíneas. Análisis vectorial -- Vol.1 - 8ed. -- 1. Fundamentación del número racional - 2. El número real y el número complejo - 3. Combinatoria. Álgebra lineal - 4. Algoritmo algebraico - 5. El límite aritmético - 6. Las funciones reales y la continuidad - 7. Las funciones trascendentes elementales - 8. Funciones variables - 9. Teoremas del valor medio y consecuencias - 10. Fórmula de Taylor. Ecuaciones algebraicas - 11. Series de potencias - 12. Interpolación y diferencias finitas - 13. El área y la integración - 14. Cálculo de primitivas y aplicaciones - 15. Aplicaciones geométricas y físicas - 16. Integración aproximada. 1 aRey Pastor, Julio1 aPi Calleja, Pedro1 aTrejo, César A.